000 00417nam a22001457a 4500
999 _c7582
_d7580
005 20210313150300.0
008 210313b ||||| |||| 00| 0 eng d
082 _a346.066
100 _aAIYAR, A.N.
_96466
245 _aREPORTS OF COMPANY CASES INCLUDING CASES OF BANKING AND INSURENCE [VOL-67]
260 _aMADRAS
_bCOMPANY LAW INSTITUTE OF INDIA
_c1990
300 _aI-XXVI, P
650 _aLAW
_95701
942 _cJRL